Studies in the management of government enterprise (Record no. 58793)

MARC details
000 -LEADER
fixed length control field 00758nam a2200205 a 4500
008 - FIXED-LENGTH DATA ELEMENTS--GENERAL INFORMATION
fixed length control field 120416s1981 ||||||||||||||||| || u
020 ## - INTERNATIONAL STANDARD BOOK NUMBER
International Standard Book Number 0898380529
050 ## - LIBRARY OF CONGRESS CALL NUMBER
Classification number HD 3887 Stu
100 ## - MAIN ENTRY--PERSONAL NAME
Personal name Horn, Richard J
245 10 - TITLE STATEMENT
Title Studies in the management of government enterprise
Statement of responsibility, etc. edited by Richard J. Horn
260 ## - PUBLICATION, DISTRIBUTION, ETC.
Place of publication, distribution, etc. Boston
Name of publisher, distributor, etc. Martinus Njhoff
Date of publication, distribution, etc. 1981
300 ## - PHYSICAL DESCRIPTION
Extent 179 p. : ill.
350 ## - PRICE (NR) (BK AM CF MU VM SE) [OBSOLETE]
Price 0.00
490 ## - SERIES STATEMENT
Series statement Social dimensions of economics
490 ## - SERIES STATEMENT
Volume/sequential designation v. 1
500 ## - GENERAL NOTE
General note Includes bibliographies.
650 #0 - SUBJECT ADDED ENTRY--TOPICAL TERM
Topical term or geographic name entry element BUSINESS
650 ## - SUBJECT ADDED ENTRY--TOPICAL TERM
Topical term or geographic name entry element GOVERNMENT--BUSINESS ENTERPRISES--UNITED STATES--MANAGEMENT
995 ## - RECOMMENDATION 995 [LOCAL, UNIMARC FRANCE]
-- 0.00
-- CBU-MAIN LIBRARY (Kitwe)
-- 1
-- 25.00
-- 1
-- AVAILABLE
-- Annex Low-Usage Collection
Holdings
Withdrawn status Lost status Source of classification or shelving scheme Damaged status Not for loan Home library Current library Shelving location Date acquired Total Checkouts Full call number Barcode Date last seen Price effective from Koha item type
          CBU-MAIN LIBRARY, KITWE. CBU-MAIN LIBRARY, KITWE.   11/30/2022   HD 3887 Stu 004168 11/30/2022 11/30/2022 MONOGRAPH